000 00900nam a2200253 i 4500
001 18729
003 ES-MaACL
005 20230906151917.0
007 t|
008 020307s2001 sp ac ||||1|cspa d
020 _a84-95265-19-2
080 _a929(460)"14/19":341.71
080 _a341.7(460:410)(091)
100 1 _aAlzina Aguilar, José Pablo.
_921055
245 1 0 _aEmbajadores de España en Londres
_b: una guía de retratos de la Embajada de España /
_cJosé Pablo Alzina.
250 _a1ª ed.
260 _aMadrid :
_bMinisterio de Asuntos Exteriores,
_c2001.
300 _a391 p. :
_bil. ;
_c24 cm.
504 _aBibliografía: p. 327-342.
650 1 4 _aDiplomáticos-
_zEspaña-
_xBiografías.
_9148440
651 4 _aEspaña-
_xServicio diplomático y consular-
_zGran Bretaña.
_9148439
710 1 _aEspaña.
_bMinisterio de Asuntos Exteriores.
_93845
852 _aES-MaACL
_jL-25306
999 _c18729
_d18729